| 000 | 00640nam a2200133Ia 4500 | ||
|---|---|---|---|
| 008 | 220620s9999||||xx |||||||||||||| ||und|| | ||
| 020 | _a9782890000000 | ||
| 245 | 0 | _aFrom the Satellite to the Earth's Surface: Studies Relevant to NASA’s Plankton, Aerosol, Cloud, Ocean Ecosystems (PACE) Mission | |
| 546 | _aEnglish[eng] | ||
| 650 | _aAerosols||Clouds||Phytoplankton||Ocean ecosystems||Remote Sensing | ||
| 700 | _aAntoine, David||Dubovik, Oleg | ||
| 856 | _uhttps://www.frontiersin.org/research-topics/7637/from-the-satellite-to-the-earths-surface-studies-relevant-to-nasas-plankton-aerosol-cloud-ocean-ecos#articles | ||
| 942 | _cEB | ||
| 999 |
_c29773 _d29773 |
||